Statistics for Double N Vocabulary Words

Click here to take the quiz!

General Stats

  • This quiz has been taken 26,099 times
    (20,894 since last reset)
  • The average score is 13 of 22

Answer Stats

DefinitionWord% Correct
1,000 yearsMillennium
90%
Hotel for dogsKennel
84%
To make a marriage invalidAnnul
80%
Dummy used for modeling clothesMannequin
80%
An animal that eats its own speciesCannibal
78%
The vast, African grasslandSavanna
72%
Female joke-tellerComedienne
68%
Person who makes leatherTanner
66%
To add territory to a countryAnnex
64%
British for the hood of a carBonnet
63%
Large artillery pieceCannon
63%
Noise that a horse makesWhinny
61%
14 line poem in iambic pentameterSonnet
60%
To cut vegetables into long, thin stripsJulienne
59%
Flower that lives for more than two yearsPerennial
50%
Cream-filled Italian dessertCannoli
48%
Chemical found in red wineTannin
44%
Small fishMinnow
42%
Herb with an anise-like flavorFennel
37%
Sense of boredom and world-wearinessEnnui
36%
HempCannabis
33%
Female donkeyJenny
28%

Score Distribution

Percentile by Number Answered

Percent of People with Each Score

Your Score History

You have not taken this quiz since the last reset